000
00325nam a22001457a 4500
020
_a
81-8482-567-4
082
_a
823
_b
TAL/G
100
_a
TALIM, MEENA
245
_a
ASHOKA
_b
SHORT STORY
260
_a
MUMBAI
_b
AMAR CHITRA KATHA PVT LTD
_c
2018
300
_a
32
520
_a
SHORT STORY
650
_a
SHORT STORY
942
_c
BK
999
_c
3727
_d
3727